El contenido de la negociación colectiva de empresa en la era de la constitución flexible del trabajo

Salvato in:
Dettagli Bibliografici
Autori principali: Monereo Pérez, José Luis (autor), Moreno Vida, María Nieves (Autore)
Natura: Libro
Lingua:spagnolo
Pubblicazione: Valencia Tirant Lo Blanch 2005
Serie:Colección Laboral, 162
Soggetti:
Tags: Aggiungi Tag
Nessun Tag, puoi essere il primo ad aggiungerne!!

MARC

LEADER 00000nam a2200000 a 4500
001 UCK9397
003 CL-VaPUC
008 060512e20050000SP |||||||||||||||||spa|d
020 |a 8484562565 
082 0 4 |a 331.89  |b MON  |2 21 
100 |a Monereo Pérez, José Luis  |e autor  |9 604368 
700 0 |a Moreno Vida, María Nieves  |e author  |9 499159 
245 1 3 |a El contenido de la negociación colectiva de empresa en la era de la constitución flexible del trabajo 
300 |a 243 p 
942 |c BK 
945 |d 20060512 00:00:00  |a cmena 
260 |a Valencia  |b Tirant Lo Blanch  |c 2005 
650 0 |a Negociación colectiva  |9 312433 
650 7 |a SINDICALISMO  |2 CL-VaPUC  |9 499160 
650 7 |a DERECHO LABORAL  |2 CL-VaPUC  |9 15 
583 |a last modification  |c 20170801 01:38:05  |k Rodrigo Vera 
490 0 |a Colección Laboral, 162 
999 |c 316604  |d 316602 
952 |0 0  |1 0  |4 0  |6 331_890000000000000_MON_2005  |7 0  |8 A  |9 391139  |a BIBDER  |b BIBDER  |d 2019-11-22  |i 4259335  |o 331.89 MON 2005  |p 4259335  |r 2023-01-25  |w 2019-11-22  |y BK  |k DER